| 000 | 00623nam a2200181Ia 4500 | ||
|---|---|---|---|
| 008 | 151018s9999 xx 000 0 und d | ||
| 082 |
_bRBASDV16980 _a891.463 |
||
| 100 | _aवालचंद्र नालचंद्र शहा | ||
| 245 | _aरावबाजी | ||
| 250 | _b2 | ||
| 260 |
_bसुरस प्रकाशन पंजाब _c1982 |
||
| 300 | _a232 | ||
| 600 | _aवालचंद्र नालचंद्र शहा | ||
| 630 | _aरावबाजी | ||
| 700 | _aवालचंद्र नालचंद्र शहा | ||
| 730 | _aरावबाजी | ||
| 942 | _cBOOK | ||
| 999 |
_c1017666 _d1017663 |
||